000 00181nam a2200085Ia 4500
008 120527s9999 xx 000 0 und d
100 _aLamb, et al
245 _aMarketing
942 _cBK
999 _c27167
_d27167